00394nam a2200169Ia 4500003000400000005001700004008004100021020001500062040000700077041000800084082001700092100002300109245002300132260004000155300001700195365001200212OSt20230417110808.0210423s2007 xx 000 0 und d a8130904691 cAL aeng a809.935 BLOH aBLOOM (Harold),Ed. aJane Austens Emma. aNew DelhibViva Books Pvt Ltdc2007 aviii,150bPB b99cINR